Crisis en la ayuda al desarrollo: la "fatiga de los donantes" /
Se desarrolla lo que es llamado por el autor "fatiga de los donantes" que es la disminución y el empobrecimiento paulatino de la ayuda de parte de los países desarrollados a los países en vías de desarrollo, produciendo así, recesión económica y limitaciones internas de los gobiernos. WMV...
Gardado en:
| Autor Principal: | |
|---|---|
| Formato: | Texto |
| Materias: | |
| Etiquetas: |
Engadir etiqueta
Sen Etiquetas, Sexa o primeiro en etiquetar este rexistro!
|
MARC
| LEADER | 00000 a a2200000 04500 | ||
|---|---|---|---|
| 001 | 7137 | ||
| 003 | |||
| 040 | |||
| 100 | |a Romero Rodríguez, José J. | ||
| 245 | |a Crisis en la ayuda al desarrollo: |b la "fatiga de los donantes" / |c José J. Romero Rodríguez | ||
| 520 | |a Se desarrolla lo que es llamado por el autor "fatiga de los donantes" que es la disminución y el empobrecimiento paulatino de la ayuda de parte de los países desarrollados a los países en vías de desarrollo, produciendo así, recesión económica y limitaciones internas de los gobiernos. WMV | ||
| 650 | |a COOPERACION INTERNACIONAL | ||
| 650 | |a AYUDA ECONOMICA | ||
| 650 | |a AYUDA AL DESARROLLO | ||
| 650 | |a AYUDA FINANCIERA | ||
| 650 | |a AYUDA ECONOMICA | ||
| 773 | |g volumen 19, número 221; páginas 43-50 | ||
| 999 | |c 21438 |d 21438 | ||
